000 00396nam a22001577a 4500
005 20251108164227.0
008 250721s1987 xx 000 0 ara d
082 1 4 _a618.2/وحا
245 1 0 _aالوحام /
264 1 _aالرياض :
_bدار المريخ،
_c1987.
300 _a40ص : مص
490 0 _aدليلك سيدتي
650 1 7 _aالحمل
942 _2ddc
_cBK
999 _c6865
_d6865